00289nam a22001337a 4500003000400000020001800004082001600022100001700038245003700055250000900092260003100101300000800132650001500140SGT a9788131267929 a616.07bKUM aKUMAR VINAY  aROBBINS & KUMAR BASIC PATHOLOGY  a11TH aINDIAbELSEVIER PUB c2023 a828 aPATHOLOGY